| 000 | 00422cam a2200157ua 4500 | ||
|---|---|---|---|
| 041 |
_aeng _h |
||
| 082 |
_a028.7353 _bMIC/IN |
||
| 100 | _aMichels, Walter C . | ||
| 245 | 0 | 0 |
_aInternational dictionary of physics and electronics / _cWalter C Michels. _hTextual Documents |
| 250 |
_a2 / _b. |
||
| 260 |
_aToronto : _bD Van nostrand co , _c1961. |
||
| 300 | _a1355 ; . | ||
| 504 | _a | ||
| 942 | _cBK | ||
| 999 |
_c9197 _d9197 |
||